| 000 | 00530nam a2200181Ia 4500 | ||
|---|---|---|---|
| 001 | 12733 | ||
| 005 | 20260306163003.0 | ||
| 008 | 260306t1958||||xx |||||||||||||| ||spa|| | ||
| 041 | _aESP | ||
| 082 |
_aRD 90 _bS17 |
||
| 100 |
_aSainz de Robles, Federico Carlos _eAUT |
||
| 245 | 0 |
_aEnsayo de un diccionario mitológico universal: _bprecedido de un estudio acerca de los mitos y de las religiones paganas |
|
| 260 | _c1958 | ||
| 300 |
_a820 páginas : _c24 cm. |
||
| 650 | _aGEN | ||
| 654 | _aCHU | ||
| 942 |
_cDIC _dJUS _fJUS _2ddc _n |
||
| 999 |
_c12733 _d12733 |
||